Mejoramiento de la producción de semillas: manual de formulación, ejecución y evaluación de programas y proyectos de semillas
সংরক্ষণ করুন:
| প্রধান লেখক: | , |
|---|---|
| বিন্যাস: | গ্রন্থ |
| ভাষা: | স্প্যানিশ |
| প্রকাশিত: |
Roma
FAO
1979
|
| মালা: | Colección FAO: Producción y Protección Vegetal
|
| বিষয়গুলি: | |
| ট্যাগগুলো: |
ট্যাগ যুক্ত করুন
কোনো ট্যাগ নেই, প্রথমজন হিসাবে ট্যাগ করুন!
|
MARC
| LEADER | 00000nam a2200000 a 4500 | ||
|---|---|---|---|
| 001 | UCR3955 | ||
| 003 | CL-VaPUC | ||
| 005 | 20241121132519.0 | ||
| 008 | 980307e19790000it 1 spa d | ||
| 082 | 0 | 4 | |a 631.521 |b FEI |2 21 |
| 100 | 1 | |a Feistritzer, Walther P |e author |9 618748 | |
| 700 | |a Kelly, A. Fenwick |e author |9 618749 | ||
| 245 | 1 | 0 | |a Mejoramiento de la producción de semillas: manual de formulación, ejecución y evaluación de programas y proyectos de semillas |
| 260 | |a Roma |b FAO |c 1979 | ||
| 300 | |a 165 p | ||
| 490 | 0 | |a Colección FAO: Producción y Protección Vegetal | |
| 583 | |a last modification |c 19980307 00:00:00 |k Rodrigo Vera | ||
| 650 | 0 | 0 | |a Semillas |9 264396 |
| 650 | 0 | 7 | |a PRODUCCION DE SEMILLAS |2 CL-VaPUC |9 618750 |
| 650 | 0 | 7 | |a UTILIZACION DE SEMILLAS |2 CL-VaPUC |9 618751 |
| 650 | 0 | 0 | |a Calidad |9 320582 |
| 650 | 0 | 7 | |a DESARROLLO AGRICOLA |2 CL-VaPUC |9 259759 |
| 650 | 0 | 0 | |a Congresos |9 257560 |
| 942 | |c BK | ||
| 945 | |a jquezada |d 19980307 00:00:00 | ||
| 546 | |a En Español | ||
| 518 | |p Mejoramiento de la producción de semillas: manual de formulación, ejecución y evaluación de programas y proyectos de semillas, Viena, 1 6 de Octubre de 1973 | ||
| 999 | |c 383097 |d 383095 | ||
| 952 | |0 0 |1 0 |4 0 |6 631_521000000000000_FEI_1979 |7 0 |8 A |9 505108 |a BIBAGR |b BIBAGR |d 2020-01-23 |i 3395618 |l 2 |o 631.521 FEI 1979 |p 3395618 |r 2025-01-20 |s 2023-06-12 |w 2020-01-23 |y BK |k AGR | ||